00604nam a2200157Ia 4500008004000000082001700040100003500057245004600092260004800138300000700186650000800193690002100201906001100222999001900233952019400252210210b2004 xxu||||| |||| 00| 0 eng d a355.002 BAKA aBAKSHI (S P) and KAPOOR (D R). aArihant CDS solved papers (1999II-2004I). aMeerutbArihant Publications Pvt Ltd.c2004 a34 aCDS aDefence Entrance a059884 c107095d107095 001040708Political ScienceaALbALcPolitical Scienced2021-02-17eHigginbothams (P) Ltd., Mangalore 01.g175.00l1o355.002 BAKAp059884r2025-04-01 06:07:49s2025-03-11w2021-02-17yBK